Best Selling Nicki Minaj Songs - Statistics

General Stats
  • This quiz has been taken 341 times
    331 since last reset
  • The average score is 4 of 10
Answer Stats
# Song % Correct
1 Super Bass
93%
2 Starships
90%
7 Anaconda
83%
3 Bang Bang (Jessie J, Ariana Grande, Nicki Minaj)
44%
8 Hey Mama (David Guetta, Featuring Nicki Minaj, Bebe Rexha, Afrojack)
24%
5 Turn Me On (David Guetta, Feat Nicki Minaj)
21%
6 Beauty And A Beat (Justin Bieber, Feat Nicki Minaj)
15%
4 Bottoms Up (Trey Songz, Feat Nicki Minaj)
12%
10 Dance (A$$) (Big Sean, Feat Nicki Minaj)
7%
9 Girl On Fire ( Alicia Keys, Feat Nicki Minaj)
3%
No matching quizzes found
Score Distribution
Percent of People with Each Score
Percentile by Number Answered
Your Score History
You have not taken this quiz since the last reset